000 02711nam a2200241Ia 4500
003 Ost
005 20260507075448.0
008 260507s9999||||xx |||||||||||||| ||und||
040 _cfsecg
041 _aara
082 _a510
100 _aدهبي، نورة
_eمؤلف
245 0 _aالرياضيات :
_bالمفاهيم العامة،المعادلات والمتراجحات،الدوال العددية،الدوال كثير الحدود،حساب المثلثات /
_c نورة دهبي
260 _aعمان:
_bدار صفاء,
_c2005
300 _a223 صفحة؛
_bإيضاحات ؛
_c24 سم
504 _aبيبليوغرافيا ص.222
520 _aتضمن هذا الكتاب خمسة فصول شملت أهم مواضيع الرياضيات التحليلية كالتالي : المقدمة-الباب الأول : المفاهيم العامة : المجموعات : مجموعات الأعداد : كثيرات الحدود : وحيدات الحدود : جذور كثير حدود : الجذر البسيط : الجذر المضاعف-الباب الثاني : المعادلات والمتراجحات من الدرجة الثانية : الشكل النموذجي لكثير حدود من الدرجة الثانية : المعادلات من الدرجة الثانية : المتراجحات من الدرجة الثانية : مقارنه عدد بجذري كثير حدود من الدرجة الثانية : المعادلات الصحيحة : المتراجحات الصحيحة : المعادلات والمتراجعات المضاعف التربيع-الباب الثالث : عموميات الدوال العددية : الدوال العددية (الاقترانات) : العليات على الدوال : اتجاه تغير دالة على مجال : نسبة تزايد دالة : الدوال الزوجية : الدوال الفردية : الدوال الدورية : النهايات : نهايات مجموع دالتين : نهاية جداء دالتين : نهاية الجذر التربيعى لدالة-الباب الرابع : الدوال كثير الحدود : مخطط دراسة دالة : الدوال الناطقة : الفرع اللانهائي : الدوال المثلثية : دراسة الدوال الدائرية-الباب الخامس : مراجعة في حساب المثلثات : الدائرة المثلثية : جيب تمام وجيب عدد حقيقى : ظل وظل تمام عدد حقيقى : دساتير التحويل : دساتير الجمع
653 _aالدوال العددية
653 _aالمتراجمات
653 _aالمعادلات
653 _aحساب المثلثات
942 _cكتاب
999 _c44600
_d44600